Conferencia Internacional sobre el Sida (Record no. 46222)

MARC details
000 -LEADER
campo de control de longitud fija 00998nam a2200217 i 4500
001 - NÚMERO DE CONTROL
campo de control 46222
003 - IDENTIFICADOR DE NÚMERO DE CONTROL
campo de control ES-MaACL
005 - FECHA Y HORA DE LA ÚLTIMA TRANSACCIÓN
campo de control 20230906161338.0
007 - CAMPO FIJO DE DESCRIPCIÓN FÍSICA--INFORMACIÓN GENERAL
campo de control de longitud fija t|
008 - DATOS DE LONGITUD FIJA--INFORMACIÓN GENERAL
campo de control de longitud fija 030328s1987 sp a |||| | spa d
111 2# - ENTRADA PRINCIPAL--NOMBRE DE CONGRESO/REUNIÓN
Nombre de congreso/reunión o jurisdicción como elemento de entrada Conferencia Internacional sobre el SIDA (
Fecha del congreso o de la firma del tratado 1987.
Sede del congreso/Lugar de la reunión Santander)
9 (RLIN) 211
245 10 - MENCIÓN DEL TÍTULO
Título Conferencia Internacional sobre el Sida
Resto del título : Universidad Internacional Menéndez y Pelayo, Santander, 6 al 11 de julio de 1987 /
Mención de responsabilidad, etc. director, Rafael Nájera Morrondo ; [edición al cuidado y compilación de Ricardo Usieto Atondo ; autores, Julián García Vargas ... [et al.].
260 ## - PUBLICACIÓN, DISTRIBUCIÓN, ETC.
Lugar de publicación, distribución, etc. Santander ;
-- Madrid :
Nombre del editor, distribuidor, etc. Universidad Internacional Menéndez Pelayo,
Fecha de publicación, distribución, etc. 1987.
300 ## - DESCRIPCIÓN FÍSICA
Extensión 259 p. :
Otras características físicas il. ;
Dimensiones 24 cm.
650 #4 - PUNTO DE ACCESO ADICIONAL DE MATERIA--TÉRMINO DE MATERIA
Término de materia o nombre geográfico como elemento de entrada SIDA-
Subdivisión de forma Congresos y asambleas.
9 (RLIN) 169571
700 1# - ENTRADA AGREGADA--NOMBRE PERSONAL
Nombre de persona Nájera Morrondo, Rafael.
9 (RLIN) 84872
700 1# - ENTRADA AGREGADA--NOMBRE PERSONAL
Nombre de persona Usieto Atondo, Ricardo.
9 (RLIN) 112305
700 1# - ENTRADA AGREGADA--NOMBRE PERSONAL
Nombre de persona García Vargas, Julián.
9 (RLIN) 55376
710 2# - ENTRADA AGREGADA--NOMBRE DE ENTIDAD CORPORATIVA
Nombre de entidad corporativa o nombre de jurisdicción como elemento de entrada Universidad Internacional Menéndez Pelayo.
9 (RLIN) 7384
852 ## - LOCALIZACIÓN
Ubicación ES-MaACL
Número de control de estantería G-13316
Holdings
Estatus retirado Estado de pérdida Estado de daño No para préstamo Biblioteca de origen Biblioteca actual Ubicación en estantería Fecha de adquisición Fuente de adquisición Total de préstamos Signatura topográfica completa Código de barras Visto por última vez Precio de reemplazo Tipo de ítem Koha
        Biblioteca del Ateneo de Madrid Biblioteca del Ateneo de Madrid Sala Pecera Planta 3 17/01/2008     G-13316 1048619 23/02/2023 23/02/2023 Libro impreso